Geopolitický a geoekonomický rozmer Transatlantickej dohody o obchodnom a investičnom partnerstve
Medzinárodná ekonomická integrácia, multilaterálne zóny voľného obchodu. Najvýznamnejší účastníci zón voľného obchodu - USA, Rusko, Čínska ľudová republika. Vplyv medzinárodnej ekonomickej integrácie na zvyšovanie ekonomickej výkonnosti zúčastnených štátov, vplyv na ich geopolitické postavenie. Euro...
Guardado en:
| Autor principal: | |
|---|---|
| Formato: | Capítulo de libro |
| Lenguaje: | eslovaco |
| Materias: | |
| Etiquetas: |
Sin Etiquetas, Sea el primero en etiquetar este registro!
|
MARC
| LEADER | 00000nla a2200000 4500 | ||
|---|---|---|---|
| 001 | 0183988 | ||
| 005 | 20240502073143.3 | ||
| 041 | 0 | |a slo | |
| 044 | |a SK | ||
| 245 | 1 | 0 | |a Geopolitický a geoekonomický rozmer Transatlantickej dohody o obchodnom a investičnom partnerstve |c Ľudmila Lipková |
| 520 | |a Medzinárodná ekonomická integrácia, multilaterálne zóny voľného obchodu. Najvýznamnejší účastníci zón voľného obchodu - USA, Rusko, Čínska ľudová republika. Vplyv medzinárodnej ekonomickej integrácie na zvyšovanie ekonomickej výkonnosti zúčastnených štátov, vplyv na ich geopolitické postavenie. Euroázijská únia, Transpacifické partnerstvo, ČĽR – Kórejská republika - Japonsko, TAFTA. | ||
| 610 | 2 | 0 | |a obchod medzinárodný |
| 610 | 2 | 0 | |a obchod voľný |
| 610 | 2 | 0 | |a dohody obchodné medzinárodné |
| 610 | 2 | 0 | |a zoskupenia integračné medzinárodné |
| 100 | 1 | |a Lipková, Ľudmila | |